Central Library OPAC University of Rajshahi

The tragi-comedy of Pen Browning (1849-1912) / (Record no. 76846)

MARC details
000 -LEADER
fixed length control field 01002nam a2200301 a 4500
001 - CONTROL NUMBER
control field 76846
003 - CONTROL NUMBER IDENTIFIER
rucl marc code BD-RjUL
005 - DATE AND TIME OF LATEST TRANSACTION
control field 20211209082909.0
008 - FIXED-LENGTH DATA ELEMENTS--GENERAL INFORMATION
fixed length control field 200127s1972 nyua b 001 0ceng
020 ## - INTERNATIONAL STANDARD BOOK NUMBER
International Standard Book Number 0836204948
035 ## - SYSTEM CONTROL NUMBER
System control number (BD-RjUL)77070
040 ## - CATALOGING SOURCE
Original cataloging agency DLC
Transcribing agency DLC
Modifying agency DLC
-- BD-RjUL
Language of cataloging eng
041 ## - LANGUAGE CODE
Language code of text/sound track or separate title eng
082 00 - DEWEY DECIMAL CLASSIFICATION NUMBER
Classification number 821.8
Author mark and year WAT 1972
100 1# - MAIN ENTRY--PERSONAL NAME
Personal name Ward, Maisie,
Dates associated with a name 1889-1975.
9 (RLIN) 238402
245 14 - TITLE STATEMENT
Title The tragi-comedy of Pen Browning (1849-1912) /
Statement of responsibility, etc. With an introd. by Robert Coles.
260 ## - PUBLICATION, DISTRIBUTION, ETC. (IMPRINT)
Place of publication, distribution, etc. New York :
Name of publisher, distributor, etc. Sheed and Ward,
Date of publication, distribution, etc. 1972
300 ## - PHYSICAL DESCRIPTION
Pagination xxii, 166 p.:
Illustrations illus.
Size 21 cm.
350 ## - PRICE (NR) (BK AM CF MU VM SE) [OBSOLETE]
Price $8.50
504 ## - BIBLIOGRAPHY, ETC. NOTE
Bibliography, etc Bibliography: p. 159-160.
600 10 - SUBJECT ADDED ENTRY--PERSONAL NAME
Personal name Browning, Robert,
Dates associated with a name 1812-1889
General subdivision Family.
Personal name Browning, Robert Wiedemann Barrett,
Dates associated with a name 1849-1912.
Personal name Browning, Elizabeth (Barrett)
Dates associated with a name 1806-1861
General subdivision Family.
650 #0 - SUBJECT ADDED ENTRY--TOPICAL TERM
Topical term or geographic name as entry element Poets, English
Chronological subdivision 19th century
General subdivision Family relationships.
9 (RLIN) 238406
942 ## - ADDED ENTRY ELEMENTS (KOHA)
Source of classification or shelving scheme Dewey Decimal Classification
Koha item type Books
Holdings
Lost status Source of classification or shelving scheme Damaged status Not for loan Collection code Permanent Location Current Location Shelving location Date acquired Source of acquisition Total Checkouts Full call number Date last seen Copy number Koha item type
  Dewey Decimal Classification   Not For Loan Non-fiction Central Library, University of Rajshahi Central Library, University of Rajshahi Reading Room 30/05/1990 Browning institute   821.8 WAT 1972 27/01/2020 C-1 Books